Responses for Show #3190 - Friday, June 12, 1998

3rd regular play game in 14 seasons that didn't have a winner.

Contestants

[<< previous game]

Marion Arkin, a former editor originally from New York City, New York

Robert Levy, an optometrist from Alexandria, Virginia

Steve Sosnick, an options trader from New York City, New York (whose 1-day cash winnings total $7,800)

[next game >>]

Jeopardy! Round responses

ANIMATION
EXPLORATION
CONSERVATION
TRANSPORTATION
APPROBATION
VILIFICATION
    $100 1
Betty Boop

Steve
    $100 4
Henry Stanley

Steve
    $100 11
coal

Steve
    $100 16
a gas guzzler

Robert
    $100 26
Potomac

Marion
    $100 21
Richard Wagner

Robert
    $200 2
Jellystone

Steve
    $200 5
Iowa

Steve
    $200 12
(Marion: What are seals?)

walruses

SteveMarion
    $200 17
4-wheel drive (or all-wheel drive)

Steve
    $200 27
Ted Turner

Robert
    $200 22
a lawyer

Marion
    $300 3
Felix the Cat

Marion
    $300 6
(Marion: Who was Byrd?)

Robert Scott

SteveMarion
    $1,000 13
Richard Nixon

Steve
    $300 18
(Robert: What are snowshoes?)

skis

RobertMarion
    $300 28
land mines

Robert
    $300 23
(Robert: Who is Leona Helmsley?)

Geraldine Ferraro

SteveRobert
    $400 9
South Park

Steve
    $400 7
Vasco da Gama

Robert
    $400 14
Agent Orange

Steve
    $400 19
(Steve: What is a ramjet?)
(Marion: What is turbo?)

afterburners

SteveMarion
Triple Stumper
    $400 29
the Congressional Medal of Honor

Marion
    $400 24
Katharine Hepburn

Triple Stumper
    $500 10
(Alex: You've watched a lot of animation!)
(Steve: Too much with my kids!)

The Mystery Machine

Steve
    $500 8
El Dorado

Steve
    $500 15
the gypsy moth

Steve
    $500 20
(Robert: What is a bullet train?)

the Metroliner

SteveRobert
    $500 30
Gentile

Triple Stumper
    $500 25
(Steve: Who is DeMille?)
...
(Alex: Less than a minute to go...)

Orson Welles

Steve
Triple Stumper

Scores at the first commercial break (after clue 14):

Steve Robert Marion
$4,000 $400 -$200

Scores at the end of the Jeopardy! Round:

Steve Robert Marion
$4,600 $0 $400

Double Jeopardy! Round responses

CELEBRATIONS
LIBATIONS
ASSASSINATIONS
CREATIONS
ADAPTATIONS
CRUSTACEANS
    $200 12
Sandwich Day

Steve
    $200 7
a Singapore Sling

Robert
    $200 22
William McKinley

Steve
    $200 3
the skyscraper

Steve
    $200 15
Strip Tease

Steve
    $200 1
shrimp

Robert
    $400 13
(Steve: Who is Stonewall Jackson?)

Robert E. Lee

SteveRobert
    $400 8
Canadian Whiskey

Robert
    $400 23
(Robert: Who is Nicholas?)
(Alex: Be more specific.)
(Robert: The Second.)
(Alex: That's it!)

Nicholas II

Robert
    $400 26
a telegraph line

Robert
    $400 16
Casablanca

Robert
    $400 2
barnacles

Marion
    $600 14
April 16

Steve
    $600 9
1984

Robert
    $600 24
Yitzhak Rabin

Steve
    $600 27
bubble gum

Robert
    $600 17
The Ice Storm

Steve
    $600 4
"Rock Lobster"

Robert
    $800 20
Noah Webster

Robert
    $800 10
a salty dog

Robert
    $800 25
Ernesto "Che" Guevara

Marion
    $1,000 29
the disposable razor

Robert
    $800 18
Bang the Drum Slowly

Robert
    $800 5
the crab

Steve
    $1000 21
(Steve: What is V-E Day?)
(Alex: We need the date.)
(Steve: June 6?)
(Alex: No.)
...
(Marion: What is June 5?)

May 8, 1945

SteveMarion
Triple Stumper
    $1000 11
(Robert: What is anisette?)

Galliano

Robert
Triple Stumper
    $1000 28
(Marion: Who is Nero?)

Caligula

RobertMarion
    $1000 30
the compact disc

Robert
    $1,000 19
(Robert: [No response])

An American Tragedy

Robert
    $1000 6
krill

Steve

Scores at the end of the Double Jeopardy! Round:

Steve Robert Marion
$7,600 $7,600 -$400

[wagering suggestions for these scores]

Final Jeopardy! Round responses

ORGANIZATIONS
(Alex: We did our Celebrity Tournament this past year at their headquarters in Washington, D.C.)
...
(Alex: Ladies and gentlemen, for the first time in over 14 years, we will have no returning champion because all 3 players wound up with no money! Correct response: "What is [*]?" Three new players on Monday, here on Jeopardy! So long!)
RobertWhat is the N O W League Women Voters
$7,600
SteveWhat is the Daughters League of Women Voters
$7,600
the Daughters of the American Revolution

Final scores:

Steve Robert Marion
$0 $0 -$400
Loser: a trip to Portugal Loser: a trip to Portugal Loser: a Panasonic digital video disc player

Game dynamics:

Coryat scores:

Steve Robert Marion
$6,900 $8,400 -$400
25 R
(including 1 DD),
4 W
21 R
(including 1 DD),
5 W
(including 1 DD)
7 R,
5 W

Combined Coryat: $14,900

[game clues] [game scores] [suggest correction]

Game tape date: 1998-03-03
The J! Archive is created by fans, for fans. Scraping, republication, monetization, and malicious use prohibited; this site may use cookies and collect identifying information. See terms. The Jeopardy! game show and all elements thereof, including but not limited to copyright and trademark thereto, are the property of Jeopardy Productions, Inc. and are protected under law. This website is not affiliated with, sponsored by, or operated by Jeopardy Productions, Inc. Join the discussion at JBoard.tv.